| 000 | 00695nam a22001817a 4500 | ||
|---|---|---|---|
| 999 |
_c177324 _d177324 |
||
| 005 | 20210218170638.0 | ||
| 010 | _aENG-129009 | ||
| 020 |
_c399.00 _a978-1-4736-9593-1 |
||
| 035 | _aEN-112541 | ||
| 037 | _bDBAD/PUB | ||
| 082 | _a158.1 | ||
| 100 | _aElrod, Hal | ||
| 245 |
_aThe Miracle Equation: the two decisions that move your biggest goals from possible, to probable, to inevitable/ _cHal Elrod |
||
| 260 |
_aGurugram _bHachette Book Publishing India Pvt. Ltd. _c2018 |
||
| 270 |
_bGurugram _a4th/5th Floors, Corporate Centre, Plot No- 94, Sec- 44 _e122003 |
||
| 300 |
_a244p. _c22cm(pbk) _bIncluding bibliographical references and index. |
||
| 942 |
_2ddc _cEN _h158.1 _mELR |
||